000 00659nam a22001577a 4500
003 OSt
005 20150913093610.0
008 150913b xxu||||| |||| 00| 0 eng d
040 _cRUA
082 _aAGR ម៉ូត 1996 B016 Or.1
100 _9362
_aម៉ូតសាណា
245 _aRecommending fertilizer application rates to farmers a case study at prateah lang village ការធ្វើអនុសាសន៏លើការប្រើប្រាស់កំរិតជីគីមីចំពោះកសិកនៅភូមិប្រទះឡាង
260 _aPhnom Penh
_bRUA
_c1996
300 _a70p.
_bill.
_c29cm.
942 _2ddc
_cAGR
999 _c343
_d343